| 000 | 01770cam a22003977a 4500 | ||
|---|---|---|---|
| 001 | 16253093 | ||
| 003 | OSt | ||
| 005 | 20140310184435.0 | ||
| 008 | 100526s2010 nyu j 000 1 eng d | ||
| 010 | _a 2010279517 | ||
| 020 | _a9780545166768 | ||
| 035 | _a(OCoLC)ocn419803637 | ||
| 040 |
_aBTCTA _cBTCTA _dBRL _dZGX _dSINLB _dUPZ _dDLC |
||
| 042 | _alccopycat | ||
| 050 | 0 | 0 |
_aPZ 7 _b.M4116Ru 2010 |
| 100 | 1 |
_aMason, Jane B. _923991 |
|
| 245 | 1 | 0 |
_aRumor has it / _cby Jane B. Mason and Sarah Hines Stephens. |
| 260 |
_aNew York : _bScholastic, _c2010 |
||
| 300 |
_a142 p. ; _c19 cm. |
||
| 500 | _a"A candy apple book." | ||
| 520 | _a"Audrey Jones wants to be friends with the new girl at school, Mailee, but she can't tell if Mailee feels the same about her. So she decides to starts a slam book to get the scoop. Slam books are against school rules, but with pages to write about everyone in the sixth grade, and a code to see who wrote what, Audrey can find out what Mailee really thinks about her. The book is a huge hit--everyone is excited to write (and read!) about everyone else. But does Audrey really want to know the truth?"--P. [4] of cover. | ||
| 521 | 0 | _aG5 | |
| 526 | _c760 | ||
| 562 | _e1 | ||
| 650 | 1 |
_aFriendship _vFiction. _927195 |
|
| 650 | 1 |
_aGossip _vFiction. _927196 |
|
| 650 | 1 |
_aMiddle school students _vFiction. _927197 |
|
| 650 | 0 |
_aFriendship _vJuvenile fiction. _927198 |
|
| 650 | 0 |
_aGossip _vJuvenile fiction. _927199 |
|
| 650 | 0 |
_aMiddle school students _vJuvenile fiction. _927200 |
|
| 700 | 1 |
_aHines-Stephens, Sarah. _924000 |
|
| 906 |
_a7 _bcbc _ccopycat _d2 _encip _f20 _gy-gencatlg |
||
| 942 |
_2lcc _cBK-SCHOLAS |
||
| 999 |
_c34385 _d34385 |
||